Theory and problems of college chemistry

Bibliographic Details
Main Author: Rosenberg, Jerome L
Format: Section = Libro
Language:Undetermined
Spanish
Published: United States McGraw-Hill 1980
Edition:6a.ed.
Subjects:
LEADER 00532nam a2200205Ia 4500
008 240830s9999 xx 000 0 und d
020 |a 0-07-053706-2 
040 |a CEDOC FIQ-RUSB / 540 R813 
041 |a spa 
082 |a 540 R813 
100 1 |a Rosenberg, Jerome L 
245 1 0 |a Theory and problems of college chemistry 
250 |a 6a.ed. 
260 |a United States  |b McGraw-Hill  |c 1980 
300 |a 314 p.: il. 
650 7 |a QUÍMICA GENERAL 
650 7 |b  ÍNDICES DE REACCIONES 
942 |c BK  |2 ddc 
991 |a TEXTO 
999 |c 13826